Longest Names to Ever Rank in the U.S. Top 20 - Statistics

General Stats
  • This quiz has been taken 10 times
  • The average score is 20 of 30
Answer Stats
Letters Year Rank Initial Answer % Correct
9 2009 4 A Alexander
100%
11 1994 2 C Christopher
100%
9 2023 13 S Sebastian
100%
9 1917 18 C Catherine
86%
9 1880 4 E Elizabeth
86%
8 1890 6 F Florence
86%
8 1911 3 M Margaret
86%
8 1999 16 V Victoria
86%
9 2025 2 C Charlotte
71%
9 1985 12 C Christina
71%
9 1970 14 C Christine
71%
8 1987 14 D Danielle
71%
8 1984 1 J Jennifer
71%
8 1952 3 P Patricia
71%
8 1998 3 S Samantha
71%
9 1987 6 S Stephanie
71%
8 1991 3 B Brittany
57%
8 2010 1 I Isabella
57%
8 1949 9 K Kathleen
57%
8 1923 16 M Marjorie
57%
8 2022 14 S Scarlett
57%
8 2025 4 T Theodore
57%
8 1921 6 V Virginia
57%
8 2018 6 B Benjamin
43%
8 1988 15 J Jonathan
43%
8 1967 2 K Kimberly
43%
8 1999 5 N Nicholas
43%
8 1885 17 C Clarence
29%
8 1995 17 C Courtney
29%
8 1972 2 M Michelle
29%
No matching quizzes found
Score Distribution
Percent of People with Each Score
Percentile by Number Answered
Your Score History
You have not taken this quiz